PHARMACY PRACTICE [ B.PHARMA. 7TH SEMESTER ] (Record no. 8672)

MARC details
000 -LEADER
fixed length control field 00529nam a22001817a 4500
005 - DATE AND TIME OF LATEST TRANSACTION
control field 20240920150234.0
008 - FIXED-LENGTH DATA ELEMENTS--GENERAL INFORMATION
fixed length control field 240919b |||||||| |||| 00| 0 eng d
020 ## - INTERNATIONAL STANDARD BOOK NUMBER
ISBN 978-93-90031-67-2
041 ## - LANGUAGE CODE
Language code of text/sound track or separate title eng
082 ## - DEWEY DECIMAL CLASSIFICATION NUMBER
Classification number 615.191
100 ## - MAIN ENTRY--AUTHOR NAME
Personal name TYAGI, DR. SACHIN & DARJI, DR.VINAY CHHANALAL. AND KRISHNAVENI, DR.K.
245 ## - TITLE STATEMENT
Title PHARMACY PRACTICE [ B.PHARMA. 7TH SEMESTER ]
250 ## - EDITION STATEMENT
Edition statement RE.PRINT ED. 2023
260 ## - PUBLICATION, DISTRIBUTION, ETC. (IMPRINT)
Place of publication LUCKNOW
Name of publisher THAKUR PUBLICATION PVT.LTD
300 ## - PHYSICAL DESCRIPTION
Number of Pages 304;P
650 ## - SUBJECT ADDED ENTRY--TOPICAL TERM
Topical Term PHARMACY
General subdivision B.PHARMA
942 ## - ADDED ENTRY ELEMENTS (KOHA)
Koha item type Books
Holdings
Lost status Damaged status Collection code Home library Current library Shelving location Date acquired Source of acquisition Cost, normal purchase price Serial Enumeration / chronology Full call number Accession Number Koha item type
    PHARMACY JRU Library JRU Library SHELF-3-D 13/09/2024 PURCHASE 285.00 NEW ARRIVALS SHELF 615.191 28501 Books
    PHARMACY JRU Library JRU Library Shelf - 24- A 13/09/2024 PURCHASE 285.00   615.191 28502 Books
    PHARMACY JRU Library JRU Library Shelf - 24- A 13/09/2024 PURCHASE 285.00   615.191 28503 Books